[Event "ETCC"]
[Site "Plovdiv"]
[Date "2003.10.20"]
[Round "9.11"]
[White "Halkias, Stelios"]
[Black "Cvitan, Ognjen"]
[Result "1/2-1/2"]
[WhiteElo "2546"]
[BlackElo "2516"]
[PlyCount "38"]
[EventDate "2003.10.20"]

1. d4 Nf6 2. c4 e6 3. Nf3 b6 4. Nc3 Bb7 5. Bg5 Bb4 6. Qb3 Qe7 7. e3 h6 8. Bh4
Bxc3+ 9. Qxc3 d6 10. Bd3 Nbd7 11. O-O-O O-O-O 12. Rhg1 g5 13. Bg3 Nh5 14. e4 e5
15. d5 Kb8 16. Nd2 Nf4 17. Rde1 c6 18. dxc6 Bxc6 19. a3 Rc8 {
impossible to read the end..59 moves.} 1/2-1/2

[Event "ETCC"]
[Site "Plovdiv"]
[Date "2003.10.20"]
[Round "9.11"]
[White "Banikas, Hristos"]
[Black "Sulava, Nenad"]
[Result "1-0"]
[WhiteElo "2522"]
[BlackElo "2472"]
[PlyCount "59"]
[EventDate "2003.10.20"]

1. d4 Nf6 2. c4 e6 3. Nf3 Nc6 4. a3 d6 5. Nc3 g6 6. e4 Bg7 7. Be2 O-O 8. O-O
Re8 9. Be3 e5 10. dxe5 dxe5 11. Qxd8 Nxd8 12. Nb5 Ne6 13. Ng5 Re7 14. Rad1 b6
15. f3 c6 16. Nxe6 Bxe6 17. Nc3 Rd7 18. Rxd7 Nxd7 19. Rd1 Bf8 20. g3 a5 21. f4
Bc5 22. Bxc5 Nxc5 23. Rd6 Rc8 24. fxe5 Nd7 {Diagram #} 25. Nd5 cxd5 26. exd5
Bh3 27. e6 Nc5 28. e7 Re8 29. Rd8 Bd7 30. b4 1-0

[Event "ETCC"]
[Site "Plovdiv"]
[Date "2003.10.20"]
[Round "9.11"]
[White "Stevic, Hrvoje"]
[Black "Vouldis, Angelos"]
[Result "1/2-1/2"]
[WhiteElo "2555"]
[BlackElo "2528"]
[PlyCount "136"]
[EventDate "2003.10.20"]

1. e4 c5 2. c3 Nf6 3. e5 Nd5 4. d4 cxd4 5. Nf3 Nc6 6. cxd4 d6 7. Bc4 dxe5 8.
Bxd5 Qxd5 9. Nc3 Qd6 10. d5 Nd4 11. Nxd4 exd4 12. Qxd4 e5 13. Qe4 f5 14. Qe2
Kf7 15. O-O Bd7 16. Re1 a6 17. a4 Re8 18. Qf3 Kg8 19. b3 e4 20. Qg3 Qxg3 21.
hxg3 Kf7 22. Be3 Rc8 23. Rec1 Be7 24. Ra2 h5 25. Rac2 Ba3 26. Ra1 Bb4 27. Rac1
Ba3 28. Ra1 Bd6 29. Rac1 Rhe8 30. Bf4 Ba3 31. Ra1 Bc5 32. Be3 Bxe3 33. fxe3 Rc5
34. Rcc1 Rec8 35. Ne2 Rxc1+ 36. Nxc1 Rc2 37. Kf1 Rd2 38. Ne2 Ke7 39. Rc1 Rd3
40. Nd4 Rxe3 41. Rc7 Rd3 42. Ne6 Rxd5 43. Nxg7 b5 44. Nxh5 bxa4 45. bxa4 Ra5
46. Nf4 Kd6 47. Rc1 Bxa4 48. Kf2 Bc6 49. Rd1+ Kc7 50. Ne6+ Kb6 51. Ke3 Ra3+ 52.
Kf4 e3 53. Rb1+ Bb5 54. Nd4 Rd3 55. Nxf5 e2 56. Ne3 Kc5 57. Re1 Rc3 58. Ng4 Kd4
59. Ne5 Rc8 60. Nf3+ Kd3 61. g4 Rf8+ 62. Kg3 Ke3 63. Ra1 Rd8 64. g5 Rd1 65.
Ra3+ Rd3 66. Ra1 Rd1 67. Ra3+ Rd3 68. Ra1 Rd1 1/2-1/2

[Event "ETCC"]
[Site "Plovdiv"]
[Date "2003.10.20"]
[Round "9.12"]
[White "David, Alberto"]
[Black "Atalik, Suat"]
[Result "1-0"]
[WhiteElo "2560"]
[BlackElo "2570"]
[PlyCount "79"]
[EventDate "2003.10.20"]

1. d4 d5 2. c4 e6 3. Nc3 Be7 4. Nf3 Nf6 5. Bg5 h6 6. Bh4 O-O 7. e3 b6 8. Be2
Bb7 9. Bxf6 Bxf6 10. cxd5 exd5 11. b4 c6 12. O-O a5 13. bxa5 Rxa5 14. Qb3 Nd7
15. Rfe1 Re8 16. a4 Ba6 17. Bxa6 Rxa6 18. Rac1 Qa8 19. h3 Nf8 20. e4 dxe4 21.
Nxe4 Re6 22. Nxf6+ Rxf6 23. Re7 Ng6 24. Rc7 Nf4 25. R1xc6 Qxc6 26. Rxc6 Rxc6
27. Qe3 Rf6 28. Qe8+ Kh7 29. Ne5 Ng6 30. Nxf7 b5 31. Qxb5 Rab6 32. Qd5 Rb1+ 33.
Kh2 Re1 34. Ne5 Nh4 35. Qa2 Rf1 36. Qc2+ Kh8 37. Qc8+ Kh7 38. Qc2+ Kh8 39. Qe4
Nf5 40. Nd7 1-0

[Event "ETCC"]
[Site "Plovdiv"]
[Date "2003.10.20"]
[Round "9.12"]
[White "Wagener, Claude"]
[Black "Dizdarevic, Emir"]
[Result "0-1"]
[WhiteElo "2217"]
[BlackElo "2507"]
[PlyCount "142"]
[EventDate "2003.10.20"]

1. e4 c6 2. d4 d5 3. Nd2 g6 4. Ngf3 Bg7 5. c3 Nh6 6. Bd3 f6 7. O-O Nf7 8. Re1
O-O 9. Nf1 e5 10. dxe5 fxe5 11. h3 Re8 12. Qc2 Nd7 13. Be3 Nf8 14. Rad1 Qc7 15.
N1h2 Be6 16. b3 a6 17. Ng5 Nxg5 18. Bxg5 Nd7 19. Nf1 Nc5 20. Ng3 Bf7 21. f3 Ne6
22. Be3 Rad8 23. c4 d4 24. Bf2 Bh6 25. Ne2 Nc5 26. Nc1 Qe7 27. Bf1 b5 28. Nd3
bxc4 29. bxc4 Rb8 30. Rb1 Nxd3 31. Bxd3 Qa3 32. Rb3 Rxb3 33. Qxb3 Qxb3 34. axb3
Rb8 35. Rb1 a5 36. Be1 a4 37. b4 Bf8 38. c5 Bh6 39. Bg3 Bf4 40. Bxf4 exf4 41.
Bc2 a3 42. Bb3 Bxb3 43. Rxb3 Ra8 44. Rb1 a2 45. Ra1 Kf7 46. Kf2 Ke6 47. Ke2 Ra3
48. Kd2 Ra4 49. Kc2 Rxb4 50. Rxa2 Ke5 51. Ra7 Rc4+ 52. Kd3 Rc3+ 53. Kd2 Rxc5
54. Re7+ Kd6 55. Rxh7 Rg5 56. Kd3 Rxg2 57. Kxd4 Rd2+ 58. Kc4 Rf2 59. Rg7 Rxf3
60. Rxg6+ Ke5 61. Rxc6 Rxh3 62. Rc8 Kxe4 63. Re8+ Kf3 64. Kd4 Kf2 65. Rf8 f3
66. Kd3 Rh7 67. Ke4 Rh4+ 68. Kd3 Ra4 69. Kd2 Rd4+ 70. Kc3 Rd7 71. Kc2 Ke2 0-1

[Event "ETCC"]
[Site "Plovdiv"]
[Date "2003.10.20"]
[Round "9.12"]
[White "Kurajica, Bojan"]
[Black "Bakalarz, Mieczyslaw"]
[Result "1/2-1/2"]
[WhiteElo "2557"]
[BlackElo "2320"]
[PlyCount "118"]
[EventDate "2003.10.20"]

1. c4 Nf6 2. g3 g6 3. Bg2 d5 4. cxd5 Nxd5 5. Qb3 c6 6. Nc3 Nc7 7. Nf3 Bg7 8.
O-O e5 9. d3 O-O 10. Bg5 Qd7 11. Ne4 Ne8 12. Rfd1 h6 13. Be3 b6 14. d4 exd4 15.
Bxd4 Qe7 16. Bxg7 Kxg7 17. Qc3+ f6 18. Nd4 Bb7 19. Qb3 Bc8 20. Rac1 Bd7 21. Nd2
Rf7 22. e3 Nc7 23. Nxc6 Nxc6 24. Bxc6 Rd8 25. Bxd7 Rxd7 26. Nf3 Ne6 27. h4 h5
28. Rxd7 Qxd7 29. Rd1 Qc6 30. Qd5 Qxd5 31. Rxd5 Rc7 32. Kf1 Rc1+ 33. Ke2 Rb1
34. Rd7+ Kf8 35. b3 Nc5 36. Rd2 Kf7 37. Rc2 Ra1 38. Nd4 a5 39. Rb2 g5 40. Rd2
Ne4 41. Rc2 Rxa2 42. Rxa2 Nc3+ 43. Kd3 Nxa2 44. Kc4 Nb4 45. Kb5 Nd5 46. Kc6 Nc3
47. Kxb6 a4 48. bxa4 Nxa4+ 49. Kc6 Nc3 50. f3 Kg6 51. Kd7 Nd1 52. e4 Nf2 53.
hxg5 Kxg5 54. Ne6+ Kg6 55. Nf4+ Kg5 56. Ke7 h4 57. gxh4+ Kxf4 58. Kxf6 Kxf3 59.
h5 Nxe4+ 1/2-1/2

[Event "ETCC"]
[Site "Plovdiv"]
[Date "2003.10.20"]
[Round "9.13"]
[White "Agrest, Evgenij"]
[Black "Kanep, Meelis"]
[Result "1-0"]
[WhiteElo "2605"]
[BlackElo "2452"]
[PlyCount "53"]
[EventDate "2003.10.20"]

1. c4 e6 2. Nc3 b6 3. e4 Bb7 4. Nf3 Bb4 5. Bd3 Ne7 6. Ne2 Nbc6 7. a3 Bd6 8. Bc2
f5 9. d4 fxe4 10. Bxe4 O-O 11. Qc2 Nf5 12. h4 h5 13. Bg5 Qe8 14. O-O-O Rb8 15.
Rhe1 Na5 16. d5 Ba6 17. Ned4 Nxd4 18. Rxd4 e5 19. Bd3 b5 20. c5 Bxc5 21. Rxe5
Qxe5 22. Nxe5 Bxd4 23. Bh7+ Kh8 24. Ng6+ Kxh7 25. Ne7+ Kh8 26. Qg6 Nb3+ 27. Kb1
1-0

[Event "ETCC"]
[Site "Plovdiv"]
[Date "2003.10.20"]
[Round "9.13"]
[White "Seeman, Tarvo"]
[Black "Hector, Jonny"]
[Result "0-1"]
[WhiteElo "2429"]
[BlackElo "2515"]
[PlyCount "88"]
[EventDate "2003.10.20"]

1. Nf3 Nc6 2. d4 d5 3. g3 Bg4 4. Bg2 e6 5. O-O Be7 6. c4 Bf6 7. cxd5 exd5 8.
Nc3 Nge7 9. e3 Qd7 10. b4 O-O 11. b5 Na5 12. Ba3 Nc4 13. Bxe7 Bxe7 14. Qc2 c6
15. bxc6 bxc6 16. Nd2 Na3 17. Qd3 Bf5 18. e4 Bg6 19. Nb3 Rfd8 20. Qf3 dxe4 21.
Nxe4 a5 22. Rad1 Qa7 23. h4 Nb5 24. Nc3 Rac8 25. d5 Bf6 26. Nxb5 cxb5 27. h5
Bc2 28. Rd2 Rc3 29. Qg4 Rc4 30. Qe2 Bf5 31. Nc1 Bg5 32. Rdd1 h6 33. Nd3 Rc3 34.
Rfe1 b4 35. Ne5 Re8 36. Qb5 Rb8 37. Qe2 Qc5 38. Nc6 Rf8 39. d6 Be6 40. Ne7+ Kh8
41. Kh2 Rc2 42. Qe4 Rxf2 43. Nd5 Bd2 44. Rf1 Bxd5 0-1

[Event "ETCC"]
[Site "Plovdiv"]
[Date "2003.10.20"]
[Round "9.13"]
[White "Hellsten, Johan"]
[Black "Sepp, Olav"]
[Result "1-0"]
[WhiteElo "2534"]
[BlackElo "2429"]
[PlyCount "129"]
[EventDate "2003.10.20"]

1. d4 Nf6 2. c4 g6 3. Nc3 Bg7 4. e4 d6 5. Bg5 Na6 6. f3 O-O 7. Qd2 c5 8. d5 Nc7
9. a4 e6 10. Nge2 exd5 11. cxd5 h6 12. Be3 h5 13. Bg5 Bd7 14. Ng3 Qe8 15. Be2
Nh7 16. Bh6 Bxh6 17. Qxh6 Qe5 18. f4 Qg7 19. Qxg7+ Kxg7 20. O-O h4 21. Nh1 Rae8
22. Nf2 f5 23. e5 dxe5 24. fxe5 Rxe5 25. Nd3 Re3 26. Nxc5 Nf6 27. Bf3 b6 28.
Nxd7 Nxd7 29. d6 Ne6 30. Rfe1 Re5 31. Nb5 a5 32. Bc6 Nec5 33. Nc7 Kf7 34. Bxd7
Nxd7 35. Rxe5 Nxe5 36. Re1 Nc6 37. Ne6 Re8 38. Ng5+ Kf8 39. Nh7+ Kf7 40. Ng5+
Kf8 41. Rc1 Ne5 42. Rc7 Ng4 43. Nf3 Rd8 44. h3 Ne3 45. d7 Ke7 46. Ne5 Nd5 47.
Rc8 Nb4 48. Kf2 Rxd7 49. Nxd7 Kxd7 50. Rc3 Kd6 51. g3 hxg3+ 52. Rxg3 Ke5 53.
Rxg6 Nd3+ 54. Kf3 Nxb2 55. Rxb6 Nxa4 56. Rb5+ Kf6 57. Kf4 Nc3 58. Rxf5+ Kg6 59.
Rxa5 Ne2+ 60. Kg4 Nd4 61. Ra6+ Kg7 62. Kh5 Nf5 63. Kg5 Ng3 64. Re6 Kf7 65. Re1
1-0

[Event "ETCC"]
[Site "Plovdiv"]
[Date "2003.10.20"]
[Round "9.13"]
[White "Lauk, Ular"]
[Black "Brynell, Stellan"]
[Result "0-1"]
[WhiteElo "2380"]
[BlackElo "2462"]
[PlyCount "112"]
[EventDate "2003.10.20"]

1. e4 e6 2. d4 d5 3. Nd2 c5 4. Ngf3 a6 5. exd5 exd5 6. dxc5 Bxc5 7. Be2 Nf6 8.
O-O O-O 9. Nb3 Bb6 10. Bg5 Nc6 11. c3 Re8 12. Qd2 h6 13. Bxf6 Qxf6 14. Rae1 Bf5
15. Nfd4 Be4 16. Nxc6 Qg6 17. Ne7+ Rxe7 18. g3 Rae8 19. Nd4 Qf6 20. Bd1 Bxd4
21. cxd4 Bf5 22. Rxe7 Rxe7 23. Bf3 Be4 24. Bg2 Bxg2 25. Kxg2 Re4 26. Rd1 Qe6
27. Qd3 g6 28. Rd2 Kg7 29. a4 Qc6 30. a5 Qa4 31. Qc3 h5 32. Qc5 Qd7 33. h4 Re1
34. Rd3 Qe6 35. Re3 Rxe3 36. fxe3 Qxe3 37. Qxd5 Qe2+ 38. Kh3 Qxb2 39. Qe5+ Kh7
40. Qd5 Kg7 41. Qe5+ Kh7 42. Qd5 Kg8 43. Qd8+ Kg7 44. Qd6 Qb5 45. d5 Qxa5 46.
Qd7 Qb5 47. Qd8 Qf1+ 48. Kh2 Qf2+ 49. Kh1 Qf6 50. Qd7 Qf5 51. Qd8 Qh3+ 52. Kg1
Qxg3+ 53. Kh1 Qf3+ 54. Kg1 Qf6 55. Qd7 b5 56. d6 b4 0-1

[Event "ETCC"]
[Site "Plovdiv"]
[Date "2003.10.20"]
[Round "9.14"]
[White "Godena, Michele"]
[Black "Genov, Petar"]
[Result "1/2-1/2"]
[WhiteElo "2523"]
[BlackElo "2494"]
[PlyCount "23"]
[EventDate "2003.10.20"]

1. e4 c6 2. d3 d5 3. Nd2 e5 4. Ngf3 Bd6 5. d4 exd4 6. exd5 cxd5 7. Nxd4 Nc6 8.
N2f3 Nf6 9. Be2 h6 10. O-O O-O 11. b3 Re8 12. Bb2 1/2-1/2

[Event "ETCC"]
[Site "Plovdiv"]
[Date "2003.10.20"]
[Round "9.14"]
[White "Vasilev, Milen"]
[Black "Arlandi, Ennio"]
[Result "0-1"]
[WhiteElo "2451"]
[BlackElo "2438"]
[PlyCount "88"]
[EventDate "2003.10.20"]

1. d4 d5 2. c4 c6 3. Bf4 e6 4. Nf3 Bb4+ 5. Nc3 dxc4 6. e3 b5 7. Be2 Nf6 8. O-O
Nd5 9. Nxd5 exd5 10. a4 Nd7 11. Qc2 O-O 12. e4 Nf6 13. e5 Ne8 14. Bd2 Bxd2 15.
Qxd2 Nc7 16. axb5 cxb5 17. Qb4 a6 18. Ne1 Ne6 19. Nc2 Qb6 20. Qd2 f6 21. exf6
Rxf6 22. Ra3 Bb7 23. Bg4 Nf4 24. Re3 Raf8 25. Ne1 Rg6 26. Rg3 h5 27. Bf3 h4 28.
Rg4 Qf6 29. g3 Nh3+ 30. Kg2 Ng5 31. Bd1 Bc8 32. Rxh4 Ne4 33. Rxe4 dxe4 34. Nc2
Qf5 35. f4 exf3+ 36. Bxf3 Rgf6 37. g4 Qd7 38. Ne3 Bb7 39. d5 g6 40. h3 Qd6 41.
Rf2 Qe5 42. h4 Rf4 43. h5 gxh5 44. gxh5 Qg5+ 0-1

[Event "ETCC"]
[Site "Plovdiv"]
[Date "2003.10.20"]
[Round "9.14"]
[White "Iotov, Valentin"]
[Black "Borgo, Giulio"]
[Result "0-1"]
[WhiteElo "2280"]
[BlackElo "2419"]
[PlyCount "76"]
[EventDate "2003.10.20"]

1. d4 d5 2. Nf3 Nf6 3. c4 e6 4. Nc3 c6 5. Bg5 Nbd7 6. cxd5 exd5 7. e3 Be7 8.
Bd3 Ne4 9. Bxe7 Qxe7 10. Bxe4 dxe4 11. Nd2 Nf6 12. O-O O-O 13. Qb1 Re8 14. b4
Be6 15. Rc1 Rad8 16. Ne2 Bg4 17. Ng3 Rd5 18. h3 Bd7 19. Rc5 h5 20. Qc2 b6 21.
Rxd5 cxd5 22. a3 Rc8 23. Qd1 h4 24. Nh5 Rc3 25. Nxf6+ Qxf6 26. Qh5 Rc2 27. Rd1
Be6 28. Qe2 Qg5 29. Kh2 Qd8 30. f3 Qc7+ 31. Kh1 Qg3 32. fxe4 dxe4 33. Kg1 Bxh3
34. Rf1 Bxg2 35. Qxg2 Qxg2+ 36. Kxg2 Rxd2+ 37. Rf2 Rxf2+ 38. Kxf2 f5 0-1

[Event "ETCC"]
[Site "Plovdiv"]
[Date "2003.10.20"]
[Round "9.15"]
[White "Sakalauskas, Vaidas"]
[Black "Atakisi, Umut"]
[Result "1-0"]
[WhiteElo "2423"]
[BlackElo "2311"]
[PlyCount "51"]
[EventDate "2003.10.20"]

1. d4 d5 2. c4 c6 3. Nf3 Nf6 4. Qc2 dxc4 5. Qxc4 Bf5 6. g3 e6 7. Nc3 Nbd7 8.
Bg2 Be7 9. O-O O-O 10. Bg5 Ne4 11. Bxe7 Qxe7 12. Rfd1 Nxc3 13. Qxc3 Be4 14.
Rac1 Rfd8 15. Bh3 Rac8 16. Nd2 Bg6 17. Bg2 e5 18. Qe3 Kf8 19. dxe5 Nxe5 20.
Qxa7 Ra8 21. Qb6 Rxa2 22. Nc4 Rxd1+ 23. Rxd1 f6 24. Rd8+ Be8 25. Nd6 Ra6 26.
Qc7 1-0

[Event "ETCC"]
[Site "Plovdiv"]
[Date "2003.10.20"]
[Round "9.15"]
[White "Erdogdu, Mert"]
[Black "Butnorius, Algimantas"]
[Result "1-0"]
[WhiteElo "2359"]
[BlackElo "2424"]
[PlyCount "123"]
[EventDate "2003.10.20"]

1. e4 e5 2. Nf3 Nc6 3. Bb5 a6 4. Ba4 Nf6 5. O-O Be7 6. Re1 b5 7. Bb3 d6 8. c3
O-O 9. h3 h6 10. d4 Re8 11. Nbd2 Bf8 12. Nf1 Bd7 13. Ng3 Na5 14. Bc2 c5 15. b3
Nc6 16. d5 Ne7 17. a4 Ng6 18. Nf5 Nf4 19. c4 g6 20. Ne3 bxa4 21. bxa4 Rb8 22.
Bd2 Qc7 23. Bc3 Rb7 24. Rb1 Rxb1 25. Qxb1 Rb8 26. Qa1 Ne8 27. Kh2 Bg7 28. Ng1
Qc8 29. Rb1 Rxb1 30. Qxb1 Bf6 31. Qf1 Nh5 32. g3 Qb8 33. Qc1 Bg5 34. Nf3 Qc8
35. Nxg5 hxg5 36. Ng2 Qd8 37. Bd2 f6 38. h4 gxh4 39. Nxh4 Kf7 40. Qb1 Qc7 41.
Bc3 Nhg7 42. Qc1 g5 43. Ng2 Qb6 44. Ne3 Qb8 45. Kg2 Nc7 46. Qh1 Qg8 47. Qh6
Nge8 48. Bd1 Qg7 49. Qh1 Kg8 50. Bg4 Bxg4 51. Nxg4 Qh7 52. Qb1 Qh5 53. f3 Qh7
54. Qb8 Kf7 55. Ba5 Kg6 56. Qc8 Qe7 57. Ne3 Qf7 58. Nf5 g4 59. Nh4+ Kh7 60.
Qf5+ Kh8 61. Qxg4 Ng7 62. Qg6 1-0

[Event "ETCC"]
[Site "Plovdiv"]
[Date "2003.10.20"]
[Round "9.15"]
[White "Zapolskis, Antanas"]
[Black "Kilicaslan, Hasan"]
[Result "0-1"]
[WhiteElo "2375"]
[BlackElo "2314"]
[PlyCount "104"]
[EventDate "2003.10.20"]

1. e4 e5 2. Nf3 Nc6 3. Bc4 Nf6 4. d4 exd4 5. e5 d5 6. Bb5 Ne4 7. Nxd4 Bc5 8.
O-O Bd7 9. Bxc6 bxc6 10. f3 Ng5 11. f4 Ne4 12. Be3 f5 13. Nd2 Qe7 14. c3 Bb6
15. a4 a5 16. Qe1 c5 17. N4b3 Be6 18. Nxe4 dxe4 19. Nd2 Rd8 20. c4 O-O 21. Ra3
Rd4 22. Qe2 Rfd8 23. Rc1 Qd7 24. Nf1 Qc6 25. b3 Rd3 26. Qc2 R8d4 27. Raa1 Qd7
28. Rab1 Bf7 29. Qe2 Qc6 30. Rd1 Qd7 31. Bxd4 Rxd1 32. Rxd1 cxd4 33. Qe1 d3+
34. Ne3 Qd4 35. Kf2 Bh5 36. Rd2 Bc5 37. h3 h6 38. Ra2 Bb4 39. Rd2 Bc5 40. Ra2
Kf7 41. g4 fxg4 42. hxg4 Bxg4 43. Kg3 Qxe3+ 44. Qxe3 Bxe3 45. Kxg4 Ke6 46. Rh2
c5 47. Kg3 Bd4 48. Kg2 e3 49. Rh1 e2 50. Kf3 Bc3 51. Kf2 h5 52. Rb1 h4 0-1

[Event "ETCC"]
[Site "Plovdiv"]
[Date "2003.10.20"]
[Round "9.16"]
[White "Kristjansson, Stefan"]
[Black "Neubauer, Martin"]
[Result "1-0"]
[WhiteElo "2403"]
[BlackElo "2434"]
[PlyCount "49"]
[EventDate "2003.10.20"]

1. e4 d6 2. d4 Nf6 3. Nc3 g6 4. Nf3 Bg7 5. Be3 a6 6. h3 b5 7. e5 Nfd7 8. Ng5
Nb6 9. a4 b4 {Diagram #} 10. a5 bxc3 11. axb6 O-O 12. e6 Bxe6 13. b7 Ra7 14. d5
cxb2 15. Rb1 Rxb7 16. dxe6 f6 17. Nf7 Qc8 18. Bc4 c6 19. Nxd6 exd6 20. e7+ Rf7
21. Qxd6 Qe8 22. Bc5 Nd7 23. Qxc6 Rb8 24. Bxf7+ Kxf7 25. Qd5# 1-0

[Event "ETCC"]
[Site "Plovdiv"]
[Date "2003.10.20"]
[Round "9.16"]
[White "Schroll, Gerhard"]
[Black "Thorfinnsson, Bragi"]
[Result "1/2-1/2"]
[WhiteElo "2417"]
[BlackElo "2388"]
[PlyCount "121"]
[EventDate "2003.10.20"]

1. d4 d5 2. c4 c6 3. Nf3 Nf6 4. Nc3 dxc4 5. a4 Bf5 6. e3 e6 7. Bxc4 Bb4 8. O-O
Nbd7 9. Qb3 a5 10. Na2 Bd6 11. Qxb7 Rb8 12. Qa6 Be4 13. Be2 Nb6 14. Qxa5 Ra8
15. Qe1 Rxa4 16. b3 Ra7 17. Bd2 Nbd5 18. Nc3 Rxa1 19. Qxa1 Nxc3 20. Bxc3 O-O
21. Nd2 Qb8 22. h3 Bg6 23. Nc4 Bh2+ 24. Kh1 Ne4 25. Be1 Bc7 26. Qa4 Qb7 27. Ne5
Bxe5 28. dxe5 Nc5 29. Qb4 Qa7 30. Qd4 Qa2 31. Bc4 Nxb3 32. Qb6 Bc2 33. Bb4 Ra8
34. Qxc6 h6 35. Bc3 Qa3 36. f3 Qa7 37. Bd4 Qa5 38. Kh2 Rb8 39. Bxb3 Bxb3 40.
Ra1 Ba2 41. Qd6 Ra8 42. Rc1 Qd8 43. Bb6 Qe8 44. Rc7 Rc8 45. Re7 Qb5 46. Bc7 Bc4
47. Rd7 Re8 48. Rd8 Rxd8 49. Qxd8+ Kh7 50. Qd4 Bd3 51. Bd6 Qc4 52. Qb2 Qc2 53.
Qd4 Qc4 54. Qa7 Kg6 55. e4 Qc2 56. Qg1 Qd2 57. Kh1 Bc2 58. Bc5 Qe2 59. Kh2 Bd3
60. Bd6 Qd2 61. Bc5 1/2-1/2

[Event "ETCC"]
[Site "Plovdiv"]
[Date "2003.10.20"]
[Round "9.17"]
[White "Kelly, Brian"]
[Black "Kotronias, Vasilios"]
[Result "1/2-1/2"]
[WhiteElo "2487"]
[BlackElo "2626"]
[PlyCount "156"]
[EventDate "2003.10.20"]

1. d4 Nf6 2. c4 g6 3. Nc3 Bg7 4. e4 d6 5. Nf3 O-O 6. Be2 e5 7. O-O Nc6 8. d5
Ne7 9. Ne1 Ne8 10. Be3 f5 11. f3 f4 12. Bf2 h5 13. c5 g5 14. cxd6 cxd6 15. a4
Bh6 16. a5 Ng6 17. Kh1 Kh8 18. Nb5 a6 19. Nc3 Nf6 20. Na4 g4 21. Nb6 Rb8 22.
Nxc8 Qxc8 23. Qa4 g3 24. Ba7 Ra8 25. Bb6 Nd7 26. Qb4 Nxb6 27. Qxd6 Nd7 28. Qxg6
Rf6 29. Qxh5 Qc5 30. Nd3 Qd6 31. Bd1 Rg6 32. Ba4 Rg5 33. Qf7 Nf6 34. h3 Rd8 35.
Rad1 Bf8 36. Qe6 Qxe6 37. dxe6 Rd4 38. Nxe5 Rxd1 39. Nf7+ Kg7 40. Rxd1 Rxa5 41.
Bc2 Ra2 42. e5 Ng8 43. Rb1 Ba3 44. bxa3 Rxc2 45. Nd6 b5 46. Nf5+ Kg6 47. Nd4
Rc4 48. Rd1 Ne7 49. Kg1 Kg5 50. Kf1 Ra4 51. Rd3 b4 52. Nc2 bxa3 53. Rxa3 Rxa3
54. Nxa3 Kf5 55. Nc4 Kxe6 56. h4 Kd5 57. Nb2 Kxe5 58. Ke2 Kf5 59. Nd3 Nd5 60.
Ne1 Nf6 61. Kd3 Ke5 62. Kc4 Nh5 63. Kc5 a5 64. Nd3+ Ke6 65. Nb2 Kf5 66. Kd4 Ng7
67. Nd3 Ne6+ 68. Kc4 a4 69. Kb4 Nd4 70. Ne1 Kg6 71. Kxa4 Kh5 72. Kb4 Kxh4 73.
Kc4 Nf5 74. Kd5 Kg5 75. Ke5 Nh4 76. Ke4 Nf5 77. Ke5 Ne3 78. Ke4 Nf5 1/2-1/2

[Event "ETCC"]
[Site "Plovdiv"]
[Date "2003.10.20"]
[Round "9.17"]
[White "Theocharides, Constantinos"]
[Black "Collins, Sam"]
[Result "1/2-1/2"]
[WhiteElo "2105"]
[BlackElo "2387"]
[PlyCount "85"]
[EventDate "2003.10.20"]

1. e4 c5 2. Nf3 d6 3. d4 cxd4 4. Nxd4 Nf6 5. Nc3 a6 6. f4 e6 7. Qf3 Qb6 8. Nb3
Qc7 9. g4 b5 10. Bd3 Bb7 11. g5 Nfd7 12. Qh3 g6 13. Be3 Bg7 14. O-O b4 15. Ne2
Nc5 16. Nxc5 dxc5 17. f5 exf5 18. exf5 c4 19. f6 Bf8 20. Bxg6 hxg6 21. Qxh8 Nd7
22. Rad1 O-O-O 23. Qh3 Re8 24. c3 Qc6 25. Kf2 Bd6 26. Nd4 Qc7 27. Nf3 Kb8 28.
cxb4 Bc8 29. Qh4 Ne5 30. Nxe5 Bxe5 31. Bc5 Bb7 32. Rfe1 Ka8 33. Qg4 Rh8 34. h4
Bxb2 35. Qg3 Qc8 36. Re7 Qf5+ 37. Kg1 c3 38. Rxb7 Kxb7 39. Qg2+ Kb8 40. Bd6+
Ka7 41. Bc5+ Kb8 42. Bd6+ Ka7 43. Bc5+ 1/2-1/2

[Event "ETCC"]
[Site "Plovdiv"]
[Date "2003.10.20"]
[Round "9.17"]
[White "McMahon, Daire"]
[Black "Papatryfonos, Constantinos"]
[Result "1-0"]
[WhiteElo "2221"]
[BlackElo "2111"]
[PlyCount "77"]
[EventDate "2003.10.20"]

1. d4 d6 2. Nf3 f5 3. g3 g6 4. Bg2 Nf6 5. O-O Bg7 6. c3 O-O 7. Nbd2 Nc6 8. Re1
e5 9. dxe5 dxe5 10. e4 f4 11. b4 fxg3 12. hxg3 Ng4 13. b5 Ne7 14. a4 h6 15. Qe2
a6 16. Ba3 Rf7 17. Nf1 Be6 18. Bc5 Qe8 19. N3h2 b6 20. Nxg4 bxc5 21. Nge3 Nc8
22. c4 Nd6 23. Nd5 c6 24. bxc6 Qxc6 25. Nfe3 Rb8 26. Qc2 Kh8 27. Reb1 Rfb7 28.
a5 Nf7 29. Rb6 Qd7 30. Rab1 Ng5 31. Qb2 Rxb6 32. axb6 Bh3 33. Bh1 Qf7 34. b7
Bd7 35. Qb6 Nh3+ 36. Kh2 Nxf2 37. Qd6 Qe6 38. Qxe6 Bxe6 39. Nc7 1-0

[Event "ETCC"]
[Site "Plovdiv"]
[Date "2003.10.20"]
[Round "9.17"]
[White "Klerides, Paris"]
[Black "Fox, Anthony"]
[Result "0-1"]
[WhiteElo "2174"]
[BlackElo "2126"]
[PlyCount "70"]
[EventDate "2003.10.20"]

1. e4 e5 2. Nf3 Nc6 3. Bb5 a6 4. Ba4 Nf6 5. O-O Be7 6. Re1 b5 7. Bb3 d6 8. c3
O-O 9. h3 Bb7 10. d4 Re8 11. Nbd2 Bf8 12. d5 Nb8 13. Nf1 Nbd7 14. N3h2 h6 15.
Ng4 Nxg4 16. hxg4 Be7 17. Ne3 Bg5 18. Bc2 g6 19. a4 Nf6 20. b4 Qd7 21. f3 Kg7
22. Kf2 c6 23. Rh1 cxd5 24. Nxd5 Bxd5 25. Bxg5 hxg5 26. exd5 Qa7+ 27. Kf1 Qe3
28. Qd3 Qf4 29. Kg1 Rh8 30. Rxh8 Rxh8 31. axb5 axb5 32. Ra7 e4 33. fxe4 Qh2+
34. Kf1 Qh1+ 35. Ke2 Qxg2+ 0-1

[Event "ETCC"]
[Site "Plovdiv"]
[Date "2003.10.20"]
[Round "9.18"]
[White "Shaw, John"]
[Black "Zeidler, Sven P"]
[Result "1-0"]
[WhiteElo "2465"]
[BlackElo "2246"]
[PlyCount "51"]
[EventDate "2003.10.20"]

1. e4 d5 2. exd5 Qxd5 3. Nc3 Qe5+ 4. Be2 c6 5. d4 Qc7 6. Nf3 Bf5 7. Ne5 Nd7 8.
Bf4 Nxe5 9. Bxe5 Qb6 10. Na4 Qa5+ 11. c3 f6 12. b4 Qd5 13. Bg3 O-O-O 14. O-O e5
15. dxe5 fxe5 16. Qb3 b5 17. Nc5 Bxc5 18. bxc5 Nf6 19. c4 Qd2 20. Rfe1 a6 21.
cxb5 axb5 22. a4 b4 23. Bxe5 Kb7 24. Rad1 Bc2 25. Qf7+ Rd7 26. Rxd2 1-0

[Event "ETCC"]
[Site "Plovdiv"]
[Date "2003.10.20"]
[Round "9.18"]
[White "Muir, Andrew J"]
[Black "Kett, Tim"]
[Result "1-0"]
[WhiteElo "2294"]
[BlackElo "2145"]
[PlyCount "37"]
[EventDate "2003.10.20"]

1. d4 d5 2. c4 Nc6 3. Nc3 dxc4 4. Nf3 Bg4 5. d5 Bxf3 6. exf3 Ne5 7. Bf4 Ng6 8.
Bxc4 Nf6 9. Bg3 a6 10. O-O h5 11. h4 Nd7 12. Re1 Nb6 13. Bb3 Qd7 14. Ne4 Rd8 {
Diagram #} 15. d6 e6 16. Nc5 Qc8 17. Nxe6 fxe6 18. Bxe6 Qa8 19. Qc2 1-0

[Event "ETCC"]
[Site "Plovdiv"]
[Date "2003.10.20"]
[Round "9.18"]
[White "Trevelyan, John"]
[Black "Berry, Neil"]
[Result "1/2-1/2"]
[WhiteElo "2150"]
[BlackElo "2300"]
[PlyCount "82"]
[EventDate "2003.10.20"]

1. Nc3 d5 2. e4 e6 3. f4 dxe4 4. Nxe4 Nf6 5. d3 Bd7 6. Be2 Bc6 7. Bf3 Be7 8.
Ne2 O-O 9. O-O Nxe4 10. Bxe4 Bxe4 11. dxe4 Bc5+ 12. Kh1 Qxd1 13. Rxd1 Nc6 14.
Bd2 Rfd8 15. Bc3 f6 16. g3 Kf7 17. Kg2 a6 18. Kf3 h5 19. Rd3 Rxd3+ 20. cxd3 Rd8
21. Rd1 e5 22. f5 g6 23. fxg6+ Kxg6 24. Nc1 b5 25. Nb3 Bb6 26. Be1 a5 27. Bf2
a4 28. Nc1 Bd4 29. b3 Ra8 30. Rd2 Bxf2 31. Kxf2 Nd4 32. Ke3 Ra6 33. bxa4 Rc6
34. Nb3 Nc2+ 35. Ke2 bxa4 36. Na5 Nd4+ 37. Ke3 Rc1 38. Nc4 Nc2+ 39. Ke2 Nd4+
40. Ke3 Nc2+ 41. Ke2 Nd4+ 1/2-1/2

[Event "ETCC"]
[Site "Plovdiv"]
[Date "2003.10.20"]
[Round "9.18"]
[White "Spice, Alan"]
[Black "Mannion, Stephen R"]
[Result "0-1"]
[WhiteElo "2181"]
[BlackElo "2348"]
[PlyCount "76"]
[EventDate "2003.10.20"]

1. Nc3 e5 2. e4 Nf6 3. Bc4 Nc6 4. d3 Na5 5. Nf3 Nxc4 6. dxc4 Bb4 7. O-O Bxc3 8.
bxc3 d6 9. Qd3 b6 10. Bg5 Be6 11. Rfd1 h6 12. Bh4 g5 13. Bg3 Qe7 14. c5 bxc5
15. Qb5+ Qd7 16. Qb7 Qc8 17. Qb5+ Bd7 18. Qc4 O-O 19. Qd3 Bg4 20. Re1 Bxf3 21.
Qxf3 Kg7 22. Qe2 Rb8 23. Rab1 Rb6 24. Rb3 Qa6 25. Qf1 Qxa2 26. Rxb6 axb6 27.
Qd3 Qe6 28. Ra1 Qe8 29. f3 Qc6 30. Ra7 Ra8 31. Qa6 Rxa7 32. Qxa7 b5 33. Bf2 b4
34. c4 Nd7 35. h4 Nb6 36. Qa6 Qa8 37. Qb5 Qa4 38. Kf1 Qxc2 0-1